Top 20 Ipswich Town Players By Appearance - Statistics

General Stats
  • This quiz has been taken 14 times
  • The average score is 8 of 20
Answer Stats
Appearances Duration Player % Correct
741 1966 – 1983 Mick Mills
93%
678 1975 – 1996 John Wark
86%
575 1974 – 1987 Paul Cooper
86%
500 1973 – 1985 George Burley
79%
355 1971 – 1982 Allan Hunter
57%
354 1958 – 1969 Ray Crawford
57%
378 1973 – 1985 Eric Gates
50%
385 1977 – 1985 Russell Osman
50%
372 1967 – 1978 Colin Viljoen
43%
414 1984 – 1997 Jason Dozzell
43%
608 1985 – 2000 Mick Stockwell
43%
459 1960 – 1971 Billy Baxter
29%
396 2012 – 2021 Luke Chambers
29%
362 1995 – 20012008 – 2010 2011 – 2012 Richard Wright
21%
475 1945 – 1956 Tommy Parker
21%
375 1955 – 1965 Jimmy Leadbetter
14%
435 1949 – 1964 John Elsworthy
14%
387 1949 – 1959 Doug Rees
7%
386 1984 – 1996 Frank Yallop
7%
362 1996 – 2009 Richard Naylor
7%
No matching quizzes found
Score Distribution
Percent of People with Each Score
Percentile by Number Answered
Your Score History
You have not taken this quiz